Status of state central libraries in India : (Record no. 125671)

MARC details
000 -LEADER
fixed length control field 00818nam a22002657a 4500
003 - CONTROL NUMBER IDENTIFIER
control field 0
005 - DATE AND TIME OF LATEST TRANSACTION
control field 20180823132502.0
008 - FIXED-LENGTH DATA ELEMENTS--GENERAL INFORMATION
fixed length control field 0
010 ## - LIBRARY OF CONGRESS CONTROL NUMBER
LC control number B-107271
020 ## - INTERNATIONAL STANDARD BOOK NUMBER
Terms of availability 790.00
International Standard Book Number 8121208238
035 ## - SYSTEM CONTROL NUMBER
System control number B-107271, B-107272, B-107275
037 ## - SOURCE OF ACQUISITION
Source of stock number/acquisition Cen Lib/Ret
040 ## - CATALOGING SOURCE
Original cataloging agency DPL
Language of cataloging EN
Transcribing agency 0
082 ## - DEWEY DECIMAL CLASSIFICATION NUMBER
Classification number 027.554
Item number RAM
100 ## - MAIN ENTRY--PERSONAL NAME
Personal name Ramasamy, R
9 (RLIN) 15115
245 ## - TITLE STATEMENT
Title Status of state central libraries in India :
Statement of responsibility, etc by R. Ramasamy ; edited by Krushna C. Panda
Remainder of title an analytical study /
260 ## - PUBLICATION, DISTRIBUTION, ETC. (IMPRINT)
Place of publication, distribution, etc New Delhi
Name of publisher, distributor, etc Gyan Publishing House
270 ## - ADDRESS
Address 5, Ansari Road, Daryaganj
City New Delhi
300 ## - PHYSICAL DESCRIPTION
Extent 318p.
Dimensions 22cm(Hb)
500 ## - GENERAL NOTE
General note Includes index
650 ## - SUBJECT ADDED ENTRY--TOPICAL TERM
Topical term or geographic name as entry element National libraries
9 (RLIN) 15116
650 ## - SUBJECT ADDED ENTRY--TOPICAL TERM
Topical term or geographic name as entry element Public libraries
9 (RLIN) 6368
700 ## - ADDED ENTRY--PERSONAL NAME
Personal name Panda, Krushna C
9 (RLIN) 15118
942 ## - ADDED ENTRY ELEMENTS (KOHA)
Source of classification or shelving scheme Dewey Decimal Classification
Koha item type English Books
Classification part 027.554
Call number suffix RAM
Holdings
Withdrawn status Lost status Damaged status Not for loan Home library Current library Date acquired Source of acquisition Cost, normal purchase price Total Checkouts Full call number Barcode Date last seen Copy number Cost, replacement price Price effective from Koha item type Source of classification or shelving scheme Collection code
        Central Library Central Library 22/06/2015 Cen Lib/Ret 790.00   027.554 RAM B-107271 22/06/2015 1 790.00 22/06/2015 English Books    
        Patel Nagar Patel Nagar 04/08/2018 BPPD/PUB 790.00   027.554 RAM B-107272 04/08/2018   790.00 04/08/2018 English Books Dewey Decimal Classification Non-fiction
        Shahdara Branch Shahdara Branch 23/08/2018 BPPD/PUB 790.00   027.554 RAM B-107275 23/08/2018   790.00 23/08/2018 English Books Dewey Decimal Classification Non-fiction

© Delhi Public Library
Hit Counter
free hit counter